Central Library OPAC University of Rajshahi

The Russian verb : (Record no. 51684)

MARC details
000 -LEADER
fixed length control field 00597nam a2200205 a 4500
001 - CONTROL NUMBER
control field 51684
003 - CONTROL NUMBER IDENTIFIER
rucl marc code BD-RjUL
005 - DATE AND TIME OF LATEST TRANSACTION
control field 20211209075711.0
008 - FIXED-LENGTH DATA ELEMENTS--GENERAL INFORMATION
fixed length control field 160901s1963 rur 000 0 eng
035 ## - SYSTEM CONTROL NUMBER
System control number (BD-RjUL)51804
040 ## - CATALOGING SOURCE
Original cataloging agency LC
Language of cataloging eng
Transcribing agency LC
Modifying agency LC
-- BD-RjUL
041 1# - LANGUAGE CODE
Language code of text/sound track or separate title engrus
082 00 - DEWEY DECIMAL CLASSIFICATION NUMBER
Classification number 491.75
Edition number 23
Author mark and year VIR 1963
100 1# - MAIN ENTRY--PERSONAL NAME
Personal name Vilgelminina, A. A.
9 (RLIN) 154509
245 14 - TITLE STATEMENT
Title The Russian verb :
Remainder of title aspect and voice
Statement of responsibility, etc. A. A. Vilgelminina
260 ## - PUBLICATION, DISTRIBUTION, ETC. (IMPRINT)
Place of publication, distribution, etc. Moscow :
Name of publisher, distributor, etc. Foreign Languages Pub. House
Date of publication, distribution, etc. 1963.
300 ## - PHYSICAL DESCRIPTION
Pagination 142 p. :
Illustrations ill ;
Size 20 cm.
650 #0 - SUBJECT ADDED ENTRY--TOPICAL TERM
Topical term or geographic name as entry element Russian language
General subdivision Verb
9 (RLIN) 154510
942 ## - ADDED ENTRY ELEMENTS (KOHA)
Source of classification or shelving scheme Dewey Decimal Classification
Koha item type Books
Holdings
Lost status Source of classification or shelving scheme Damaged status Not for loan Collection code Permanent Location Current Location Shelving location Date acquired Source of acquisition Cost, normal purchase price Total Checkouts Full call number Date last seen Copy number Koha item type
  Dewey Decimal Classification     Non-fiction Central Library, University of Rajshahi Central Library, University of Rajshahi   25/03/1968 Shilpa Nikatan, Dhaka 0.55   491.75 VIR 1963 01/09/2016 C-2 Books
  Dewey Decimal Classification     Non-fiction Central Library, University of Rajshahi Central Library, University of Rajshahi   25/03/1968 Shilpa Nikatan, Dhaka 0.55   491.75 VIR 1963 01/09/2016 C-3 Books
  Dewey Decimal Classification     Non-fiction Central Library, University of Rajshahi Central Library, University of Rajshahi   25/03/1968 Shilpa Nikatan, Dhaka 0.55   491.75 VIR 1963 01/09/2016 C-4 Books